Pain (Record no. 17573)

MARC details
000 -LEADER
fixed length control field 00591nam a2200241 a 4500
020 ## - INTERNATIONAL STANDARD BOOK NUMBER
ISBN 023251657X
082 00 - DEWEY DECIMAL CLASSIFICATION NUMBER
Classification number 152.1824
Author Cutter AUT
100 ## - MAIN ENTRY--AUTHOR NAME
Author name Autton, Norman
245 ## - TITLE STATEMENT
Title Pain
Sub title An Exploration
260 ## - PUBLICATION, DISTRIBUTION, ETC. (IMPRINT)
Place of publication London
Name of publisher Darton, Longman & Todd
Year of publication 1986
300 ## - PHYSICAL DESCRIPTION
Number of Pages 145p
500 ## - GENERAL NOTE
General note includes index and biblioraphy
505 2# - FORMATTED CONTENTS NOTE
Formatted contents note Indices
650 ## - SUBJECT ADDED ENTRY--TOPICAL TERM
Topical Term Pain-Psychology
942 ## - ADDED ENTRY ELEMENTS (KOHA)
Koha item type Books
700 1# -
-- Autton, Norman
Holdings
Collection code Home library Current library Date acquired Cost, normal purchase price Full call number Accession Number Koha item type
  Henry Martyn Institute Library Henry Martyn Institute Library 09/23/2010 400.00 152.1824 AUT 11002230 Books
                   Copyright © 2026 | Henry Martyn Institute | Hyderabad | TS-500052 | INDIA | Implemented by hmi.edu.in
Hit-Count:

Powered by Koha